Statistics for Countries of the World by Second Letter - E

Click here to take the quiz!

General Stats

  • This quiz has been taken 821 times
  • The average score is 17 of 24

Answer Stats

Answer% Correct
Peru
89%
Denmark
83%
Germany
81%
Mexico
81%
Venezuela
81%
Belgium
80%
New Zealand
80%
Kenya
73%
Senegal
73%
Belize
72%
Lebanon
72%
Benin
70%
Serbia
70%
Belarus
68%
Lesotho
68%
Yemen
67%
Netherlands
66%
DR Congo
62%
Central African Republic
61%
Nepal
60%
Georgia
57%
Seychelles
54%
Republic of the Congo
52%
Federated States
of Micronesia
31%

Score Distribution

Percentile by Number Answered

Percent of People with Each Score

Your Score History

You have not taken this quiz